<?xml version="1.0" encoding="UTF-8"?>
<record
    xmlns:xsi="http://www.w3.org/2001/XMLSchema-instance"
    xsi:schemaLocation="http://www.loc.gov/MARC21/slim http://www.loc.gov/standards/marcxml/schema/MARC21slim.xsd"
    xmlns="http://www.loc.gov/MARC21/slim">

  <leader>00968nam a2200253 a 4500</leader>
  <controlfield tag="001">1480</controlfield>
  <controlfield tag="003">BR-CuiBMT</controlfield>
  <controlfield tag="005">20231212122023.0</controlfield>
  <controlfield tag="008">230816s2017    bab           000 0 por d</controlfield>
  <datafield tag="020" ind1=" " ind2=" ">
    <subfield code="a">9788585524326</subfield>
  </datafield>
  <datafield tag="040" ind1=" " ind2=" ">
    <subfield code="a">BR-CuiBMT</subfield>
    <subfield code="c">BR-CuiBMT</subfield>
  </datafield>
  <datafield tag="080" ind1=" " ind2=" ">
    <subfield code="a">657.63</subfield>
    <subfield code="x">(100)</subfield>
    <subfield code="2">2007</subfield>
  </datafield>
  <datafield tag="090" ind1=" " ind2=" ">
    <subfield code="a">657.63(100)</subfield>
    <subfield code="b">I61n</subfield>
  </datafield>
  <datafield tag="110" ind1="2" ind2=" ">
    <subfield code="a">International Organization of Supreme Audit Institutions.</subfield>
  </datafield>
  <datafield tag="245" ind1="1" ind2="0">
    <subfield code="a">Normas Internacionais das Entidades Fiscalizadoras Superiores (ISSAI) :</subfield>
    <subfield code="b">ISSAI 5600 : revis&#xE3;o por pares /</subfield>
    <subfield code="c">Organiza&#xE7;&#xE3;o Internacionais de Entidades Fiscalizadoras Superiores.</subfield>
  </datafield>
  <datafield tag="260" ind1=" " ind2=" ">
    <subfield code="a">Salvador :</subfield>
    <subfield code="b">Tribunal de Contas do Estado da Bahia,</subfield>
    <subfield code="c">2017.</subfield>
  </datafield>
  <datafield tag="300" ind1=" " ind2=" ">
    <subfield code="a">68 p. ;</subfield>
    <subfield code="c">23 cm</subfield>
  </datafield>
  <datafield tag="490" ind1="1" ind2=" ">
    <subfield code="a">S&#xE9;rie tradu&#xE7;&#xF5;es ; </subfield>
    <subfield code="v">v. 14</subfield>
  </datafield>
  <datafield tag="650" ind1=" " ind2=" ">
    <subfield code="a">Auditoria governamental</subfield>
    <subfield code="x">Normas internacionais</subfield>
  </datafield>
  <datafield tag="650" ind1=" " ind2=" ">
    <subfield code="a">Controle externo</subfield>
    <subfield code="x">Auditoria internacional</subfield>
  </datafield>
  <datafield tag="650" ind1=" " ind2=" ">
    <subfield code="a">Administra&#xE7;&#xE3;o p&#xFA;blica</subfield>
    <subfield code="x">Normas</subfield>
    <subfield code="z">Austr&#xE1;lia</subfield>
  </datafield>
  <datafield tag="830" ind1=" " ind2="0">
    <subfield code="a">Tradu&#xE7;&#xF5;es ;</subfield>
    <subfield code="v">14</subfield>
  </datafield>
  <datafield tag="942" ind1=" " ind2=" ">
    <subfield code="2">udc</subfield>
    <subfield code="c">LV</subfield>
  </datafield>
  <datafield tag="952" ind1=" " ind2=" ">
    <subfield code="0">0</subfield>
    <subfield code="1">0</subfield>
    <subfield code="2">udc</subfield>
    <subfield code="4">0</subfield>
    <subfield code="7">0</subfield>
    <subfield code="a">BIBTCEMT</subfield>
    <subfield code="b">BIBTCEMT</subfield>
    <subfield code="d">2023-12-12</subfield>
    <subfield code="l">0</subfield>
    <subfield code="o">657.63(100) I61n</subfield>
    <subfield code="p">BIBTCEMT23120384</subfield>
    <subfield code="r">2023-12-12</subfield>
    <subfield code="t">Ex. 1</subfield>
    <subfield code="w">2023-12-12</subfield>
    <subfield code="y">LV</subfield>
  </datafield>
  <datafield tag="999" ind1=" " ind2=" ">
    <subfield code="c">1480</subfield>
    <subfield code="d">1480</subfield>
  </datafield>
</record>
